| 000 | 00000nas 2200000za 4500 |
| 001 | 9.502803 |
| 003 | CaOODSP |
| 005 | 20221107133146 |
| 007 | cr ||||||||||| |
| 008 | 150406d20002004oncmr p o f0 b0fre|d |
| 022 | |a1493-7875 |
| 040 | |aCaOODSP|bfre |
| 043 | |an-cnm--|an-cn-qu|an-cn-nf |
| 086 | 1 |aT34-14-1F-PDF |
| 222 | 0|aAvis aux navigateurs. Édition de l'Est |b(En ligne) |
| 245 | 00|aAvis aux navigateurs. |pÉdition de l'Est |h[ressource électronique] / |cGarde côtière canadienne. |
| 250 | |aÉd. mensuelle. |
| 260 | |a[Ottawa] : |bPêches et Océans Canada = Fisheries and Oceans Canada, |c2000-2004. |
| 310 | |aMensuel |
| 362 | 0 |aVol. 25, éd. mensuelle no 1 (28 janv. 2000)-v. 29, no 08 (27 août 2004). |
| 500 | |aPubl. aussi en anglais sous le titre : Notices to mariners. Eastern edition. |
| 520 | 3 |aPour informer les navigateurs des modifications apportées aux aides à la navigation dans l’Est du Canada. Il renferme des renseignements généraux et des renseignements sur la sécurité, des corrections aux cartes, des corrections aux aides radio à la navigation maritime, des corrections aux instructions et aux guides nautiques, et des corrections aux livres des feux, des bouées et des signaux de brume. |
| 691 | 07|aSystème d'aide à la navigation|2gcpds |
| 691 | 07|aProvinces atlantiques|2gcpds |
| 691 | 07|aSécurité nautique|2gcpds |
| 710 | 2 |aGarde côtière canadienne. |
| 710 | 1 |aCanada. |bMinistère des pêches et des océans. |
| 775 | 08|tNotices to mariners. |w(CaOODSP)9.506408 |
| 776 | 0#|tPublication des avis aux navigateurs. Édition de l'Est / |w(CaOODSP)9.512755 |
| 780 | 00|tÉdition de l'Est des avis aux navigateurs |w(CaOODSP)9.502881 |
| 785 | 00|tPublication des avis aux navigateurs. |w(CaOODSP)9.501501 |
| 785 | 00|tPublication des avis aux navigateurs. |w(CaOODSP)9.501502 |